000 00660nam a2200205Ia 4500
003 GCL
008 140319s9999 xx 000 0 ara d
040 _aGCL /
_cGCL
082 0 4 _a621.31
_bم ت
100 1 _aمحمد فهمى علام
245 1 0 _aالتحليل المتقدم لنظم القوى الكهربية /
_cمحمد فهمى علام
260 _a[S.N] :
_bدار الراتب الجامعية
300 _a442 ص
490 _a
650 0 4 _aالحاسبات الالكترونية
650 0 4 _aالطاقة الكهربائية
650 0 4 _aالهندسة الكهربية
650 0 4 _aهندسة الطاقة
942 _2ddc
_cBK
999 _c54630
_d54630